Équipes ayant encaissé le plus de buts au Championnat d'Europe - Statistiques

Statistiques générales
  • Ce quiz a été pris 25 fois
    10 depuis la dernière actualisation
  • Le résultat moyen est 11 sur 14
Statistiques - réponses
Buts encaissés Équipe % Correct
59 Allemagne / Allemagne de l’Ouest
100%
46 Espagne
100%
53 France
100%
36 Italie
100%
41 Portugal
100%
43 Angleterre
86%
48 Pays-Bas
86%
38 Turquie
86%
30 Belgique
71%
54 Danemark
71%
52 Russie / Union soviétique
71%
52 République tchèque / Tchécoslovaquie
57%
41 Serbie / Yougoslavie
57%
34 Croatie (Hrvatska)
0%
Aucun quiz correspondant
Distribution des résultats
% des personnes avec chaque résultat
Percentile par nombre de réponses
Votre historique - résultats
Vous n’avez pas pris ce quiz depuis la dernière actualisation